Tax subsidies, the rational demand for insurance and the health care crisis (Registro nro. 25738)
[ vista simple ]
| 000 -LEADER | |
|---|---|
| fixed length control field | 00402 a2200121 4500 |
| 001 - CONTROL NUMBER | |
| control field | ART_11687 |
| 005 - DATE AND TIME OF LATEST TRANSACTION | |
| control field | 20260410161859.0 |
| 008 - FIXED-LENGTH DATA ELEMENTS--GENERAL INFORMATION | |
| fixed length control field | 260409a |
| 100 1# - MAIN ENTRY--PERSONAL NAME | |
| Personal name | Feldstein, Martin |
| 245 10 - TITLE STATEMENT | |
| Title | Tax subsidies, the rational demand for insurance and the health care crisis |
| 700 1# - ADDED ENTRY--PERSONAL NAME | |
| Personal name | Friedman, Bernard |
| 773 0# - HOST ITEM ENTRY | |
| Title | Journal of public economics |
| Related parts | - Vol. 7, Nº 2 (abr. 1977) |
| Record control number | REV11485 |
No hay ítems disponibles.